000 00849nam a2200193 i 4500
001 187920
003 ES-MaACL
005 20250727190110.0
008 180326s1927 sp |||| | spa d
100 0 _aIbeas, Bruno.
_964986
245 1 3 _aLa filosofía contemporánea en Alemania
_b: conferencia dada el 23 de noviembre de 1927 /
_cpor Bruno Ibeas.
260 _aMadrid :
_b[s.n.],
_c1927 (
_fBlass tipogragía)
300 _a29 p. ;
_c23 cm.
490 1 _aConferencias dadas en el Centro de intercambio intelectual germano-español ;
_v17
650 4 _aFilosofía-
_zAlemania-
_yS.XX.
_9164446
830 0 0 _aConferencias dadas en el Centro de Intercambio Intelectual Germano-Español
_v17
_9192904
852 _aES-MaACL
_jC-8111(13)
_z.-Donat. del Centro de Intercambio Intelectual Germano-Español (Madrid)
999 _c187920
_d187920